000 00368nam a2200157Ia 4500
003 Ost
005 20260225132543.0
008 260225s9999||||xx |||||||||||||| ||und||
040 _cfsic
041 _afre
082 _a440
100 _aJacques maurais
_eAuteur
245 0 _aPolitique et amenagement linquistiques /
245 0 _cJacques maurais
942 _cكتاب
999 _c33674
_d33674